| 000 | 00545nam a2200205Ia 4500 | ||
|---|---|---|---|
| 008 | 220216s9999 xx 000 0 und d | ||
| 100 | _aGrando M S | ||
| 245 | 0 | _aCharacterization of vitis germplasm using random amplified polymorphic DNA markers | |
| 260 |
_bGenetic Resources and Crop Evolution _c1996 |
||
| 300 | _a187-192 | ||
| 650 | _aGenetic diversity | ||
| 650 | _aGrapes | ||
| 650 | _aMolecular markers | ||
| 650 | _aPCR | ||
| 650 | _aRAPD | ||
| 650 | _aVitis | ||
| 700 | _aDe Micheli L | ||
| 700 | _aScienza A | ||
| 942 | _cJS | ||
| 999 |
_c55456 _d55456 |
||